| Record ID | ia:birthingmiraculo0000bake |
| Source | Internet Archive |
| Download MARC XML | https://archive.org/download/birthingmiraculo0000bake/birthingmiraculo0000bake_marc.xml |
| Download MARC binary | https://www.archive.org/download/birthingmiraculo0000bake/birthingmiraculo0000bake_meta.mrc |
LEADER: 02505cam a2200361 i 4500
001 2013038284
003 DLC
005 20140605125259.0
008 131113s2014 flua 000 0 eng
010 $a 2013038284
020 $a9781621362197 (paperback)
020 $a9781621362944 (e-book)
040 $aDLC$beng$erda$cDLC
042 $apcc
050 00 $aBV4509.5$b.B355 2014
082 00 $a231.7$223
084 $aREL012120$2bisacsh
100 1 $aBaker, Heidi.
245 10 $aBirthing the miraculous /$cHeidi Baker.
246 1 $aSubtitle on cover:$bPower of personal encounters with God to change your life and the world
250 $aFirst edition.
264 1 $aLake Mary, Florida :$bCharisma House,$c[2014]
300 $axx, 199 pages :$billustrations ;$c21 cm
336 $atext$2rdacontent
337 $aunmediated$2rdamedia
338 $avolume$2rdacarrier
520 $a"God has promised us miracles. Are you willing to do what it takes to see them through? We all desire the favor of God on our lives. We eagerly pray and hope for God's promises and blessings, especially when they come in the form of cash or a promotion. But carrying the promises of God often means being inconvenienced, being stretched, and being patient to nourish those promises until it is God's time for you to give birth to them. The result of the process is a miraculous demonstration of God's power to bring change on the earth. In Birthing the Miraculous, Heidi Baker weaves true stories from her life and ministry together with the biblical story of Mary's pregnancy with Jesus to show readers how to carry the promises of God in their own lives, becoming a catalyst for God's glory here on earth"--$cProvided by publisher.
520 $a"God has promised us miracles. Are you willing to do what it takes to see them through? In Birthing the Miraculous, best-selling author Heidi Baker weaves true stories from her life and ministry together with the biblical story of Mary's pregnancy with Jesus to show readers how to carry the promises of God in their own lives and become a catalyst for God's glory here on earth. Her personal visitations and life-changing visions demonstrates how encounters with God have an amazing power to transform individual lives and societies"--$cProvided by publisher.
650 0 $aChristian life.
650 0 $aMiracles.
650 0 $aImmaculate Conception.
600 00 $aMary,$cBlessed Virgin, Saint.
650 7 $aRELIGION / Christian Life / Spiritual Growth.$2bisacsh